[Event "IOM Open-Masters 2017"]
[Site "Douglas"]
[Date "2017.09.28"]
[Round "6"]
[White "Hou, Yifan"]
[Black "Panchanathan, Magesh Chandran"]
[Result "1-0"]
[WhiteElo "2670"]
[BlackElo "2481"]
[Annotator "TA"]
[PlyCount "75"]
[EventDate "2017.??.??"]
[EventType "swiss"]
[EventCountry "GBR"]
[SourceTitle "playchess.com"]
[Source "ChessBase"]
[SourceQuality "1"]

{[%evp 24,75,62,60,65,60,83,65,87,89,124,109,129,132,138,121,158,156,157,157,139,153,229,229,227,220,222,202,227,193,201,200,201,177,172,177,534,526,480,498,735,718,712,654,720,707,697,686,652,0,1618,1568,3248,3248]} 1. e4 e5 2. Nf3 Nc6 3. Bb5 a6 4. Ba4 Nf6 5. O-O Be7 6. Re1 d6 7. c3 O-O 8. h3 Bd7 9. d4 Re8 10. Nbd2 {[%cal Bb1d2,Bd2f1,Bf1g3][%mdl 32]} Bf8 11. Bc2 g6 {C87: Spanische Partie (Russische Variante mit Zugumstellung)} 12. Nf1 Bg7 13. Ng3 {LiveBook: 17 Partien} a5 {Weiß steht etwas besser.} 14. Bg5 {[#]} a4 $146 ({Vorgänger:} 14... h6 15. Be3 Qe7 {1-0 (88) Dervishi,E (2478)-Aronian,L (2587) Yerevan 2000}) 15. Bxa4 exd4 $1 16. Bxc6 bxc6 17. cxd4 {[#] zielt auf e5 ab.} ({Doch nicht} 17. Nxd4 $6 h6 $11) 17... Qb8 18. Qd2 Be6 19. b3 Ra6 20. Rad1 {[%cal Ba1d1,Bd1c1,Bc1c2][%mdl 32]} d5 21. e5 Nd7 22. Bh6 Qd8 (22... Qa7 $16 {kämpft weiter.}) 23. Bxg7 $18 Kxg7 24. Rc1 Qe7 25. Re3 Rea8 26. Rc2 Nf8 27. Ne1 h5 {[%cal Bh7h5,Bh5h4][%mdl 32]} 28. f4 h4 {[#]} 29. f5 $1 {[%mdl 512] f6+ ist eine echte Drohung.} gxf5 $2 (29... Qg5 {ist eine bessere Chance.}) (29... Bxf5 30. Nxf5+) 30. Nh5+ Kg6 31. Nf6 Nh7 (31... Kg7 $142 32. Nd3 Ng6) 32. Qf2 Nxf6 33. Qxh4 f4 34. Nd3 fxe3 35. Nf4+ Kf5 {Und ...Tg8 würde nun gewinnen.} 36. exf6 $2 (36. Nh5 $18 {[%cal Rh5f6]} Kg6 37. Nxf6 Qxf6 38. Qxf6+ Kh7 39. Rc3) 36... Rh8 $2 {[%mdl 8192]} (36... Qd6 $11 37. Nh5 Kg6 38. Nf4+ Kf5) 37. Nh5 Rxh5 38. Qxh5+ {Precision: Weiß = 90%, Schwarz = 44%.} ({Nicht} 38. fxe7 Rxh4 39. e8=Q Rxd4 $16) 1-0

[Event "IOM Open-Masters 2017"]
[Site "Douglas"]
[Date "2017.09.28"]
[Round "6"]
[White "Riazantsev, Alexander"]
[Black "Deac, Bogdan-Daniel"]
[Result "1/2-1/2"]
[WhiteElo "2666"]
[BlackElo "2559"]
[Annotator "TA"]
[PlyCount "283"]
[EventDate "2017.??.??"]
[EventType "swiss"]
[EventCountry "GBR"]
[SourceTitle "playchess.com"]
[Source "ChessBase"]
[SourceQuality "1"]

{[%evp 16,283,4,-15,50,17,23,-16,-16,-45,-41,-39,-4,-36,5,0,0,0,20,0,20,-4,-4,-1,12,10,56,15,14,9,9,9,21,25,43,47,36,21,38,29,35,35,41,34,93,103,123,67,108,110,121,89,87,87,89,81,78,87,111,98,82,92,107,44,44,44,44,47,57,0,0,0,15,15,15,15,15,15,15,15,15,15,61,61,61,61,126,126,135,85,132,84,85,85,85,0,55,0,155,85,85,85,85,85,85,26,140,133,204,12,22,24,24,24,28,28,28,28,28,28,29,29,32,24,24,0,40,40,40,42,56,40,93,33,33,32,200,33,40,40,43,20,43,54,209,8,8,4,8,8,12,0,0,0,0,0,0,0,0,0,0,0,0,0,0,0,0,0,0,0,0,0,0,0,0,0,0,0,0,0,22,0,0,0,0,0,0,0,0,0,0,0,0,0,0,0,0,0,0,0,0,0,0,0,0,0,0,0,0,0,0,0,0,0,0,0,0,0,0,0,0,0,0,0,0,0,0,0,0,0,0,0,0,0,0,0,0,0,0,0,0,0,0,0,0,0,0,0,0,0,0,0,0,0,0,0,0,0,0,0,0,0,0,0,0,0,0,0,0,0]} 1. d4 Nf6 2. c4 g6 3. Nc3 d5 4. cxd5 Nxd5 5. g3 Bg7 6. Bg2 Nb6 7. e3 e5 8. Nge2 O-O 9. O-O c6 {D71: Fianchetto Grünfeld: 3 g3 d5 sidelines and 5 cxd5 (without Nf3)} (9... exd4 $11 10. Nxd4 (10. exd4 Nc6 $11) 10... Qe7) 10. b3 exd4 (10... Re8 11. Ba3 exd4 12. Nxd4 Na6 13. Ne4 Bh3 14. Bxh3 Rxe4 15. Qc2 Re8 16. Rad1 Qg5 {½-½ (57) Fridman,D (2653)-Kulaots,K (2558) Riga 2012}) 11. exd4 Re8 $146 ({Predecessor:} 11... Bg4 12. Ba3 Re8 13. Qd2 N8d7 14. Nf4 Nf6 15. Rfe1 Qd7 16. h3 Be6 17. Nxe6 Rxe6 18. Rxe6 Qxe6 {1-0 (26) Lylov,I (2244)-Isaev,M (2321) Rybinsk 2001}) 12. Bf4 Na6 13. Qd2 Nc7 14. Bg5 Bf6 (14... Qd6 {keeps more tension.} 15. Ne4 Qf8 16. Bf4 Qe7 17. Rfe1 Nbd5) 15. Bxf6 Qxf6 16. Ne4 Qg7 17. Rae1 Rd8 18. h3 Nbd5 19. Rd1 Ne6 20. Rfe1 Ndc7 21. Qa5 b6 22. Qe5 Nd5 23. N2c3 f6 {[#]} (23... Kf8 {is interesting.} 24. f4 a5 25. Nxd5 Rxd5 26. Qxg7+ Kxg7 27. Nc3 Rxd4 28. Bxc6 Rb8) 24. Nxf6+ $1 {[%mdl 512]} Qxf6 (24... Nxf6 25. Bxc6) 25. Nxd5 Qxe5 26. Rxe5 ({But not} 26. Ne7+ Kf8 $17) 26... cxd5 27. Bxd5 Rxd5 28. Rxd5 Kf7 29. Re5 Nf8 ({Black should try} 29... Kf6 $14) 30. g4 $16 Bd7 31. Rde1 (31. Rd3 $16) 31... Re8 32. Rxe8 Bxe8 33. Rc1 a5 34. Rc7+ Nd7 35. f4 Ke7 36. Kf2 Bf7 37. Rc8 Be6 38. Ke3 Nf6 39. Rb8 (39. Rh8 $1 $16) 39... Nd5+ $14 40. Ke4 Nf6+ 41. Kd3 Nd5 42. Ke4 (42. Rh8 $14) 42... Nf6+ $11 43. Ke3 Nd5+ 44. Kf3 h5 $1 45. Rb7+ Kd6 46. Kg3 hxg4 47. hxg4 Bd7 48. Rb8 a4 49. bxa4 Bxa4 50. Kh4 Bd7 (50... Nxf4 $14 51. Kg5 (51. Rxb6+ Bc6 $16) 51... Nd5) 51. Kg5 $16 b5 52. a3 Ne7 53. Rb6+ Kd5 54. Rb7 Kd6 55. Rb6+ Kd5 $1 56. Rb8 (56. Kf6 $14 Nc8 57. Rb7 Bxg4 58. Rxb5+ Kxd4 59. Kxg6) 56... Kd6 $1 {[#]} 57. Ra8 (57. Rb7 $142 $1) 57... Nc6 {[#]} 58. Rg8 $1 {[%cal Rg8g6]} Ne7 59. Rb8 Kc7 60. Ra8 (60. Rf8 $16) 60... Nc6 (60... Bc8 $1 $11 {keeps the balance.}) 61. d5 ({Don't do} 61. Kxg6 $6 Bxg4 62. d5 Nd4 $14) 61... Nd4 (61... Nb8 $16) 62. Ra7+ $2 ({Less strong is} 62. Kxg6 Bxg4 63. Kg5 Bf3 $14) (62. Rg8 $18) 62... Kd6 $11 63. Rb7 Nf3+ 64. Kxg6 {g5 is the strong threat.} Bxg4 65. Rxb5 Nd4 66. Ra5 Bf3 67. Kg5 Be4 68. a4 Bc2 69. Kf6 Ne2 70. Kg5 {Hoping for f5.} Nc3 71. Ra6+ Kxd5 72. a5 Ne4+ 73. Kh6 {And now Ra8 would win.} Nc5 (73... Nd6 $1 $14) 74. Rb6 ({White should play} 74. Ra8 $16 {Threatens to win with a6.} Bd3 75. Re8) 74... Bd3 $14 75. Kg5 Ne4+ $2 ({Better is} 75... Ne6+ $14 76. Kg4 Nd4) 76. Kf5 $2 (76. Kg4 $18 {Black must now prevent a6.} Nc5 77. f5) 76... Nd6+ $1 77. Kf6 Kc5 $1 78. Ke6 Nb5 79. Kd7 Bf5+ $2 (79... Kb4 $14) 80. Ke7 $2 ({White has to play} 80. Kd8 $18) 80... Nd4 $11 {The position is equal.} 81. Rb2 Nc6+ 82. Kf6 Bd3 83. Rd2 Bc4 84. f5 Nxa5 85. Ke7 Nc6+ 86. Ke8 Ne5 87. f6 Bf7+ 88. Ke7 {Strongly threatening Re2.} Bc4 89. Rd1 (89. Kf8 {looks sharper.} Bd5 90. Kg7 Be6 91. Re2 Kd5 92. Re3) 89... Ng4 90. f7 (90. Rg1 {is more complex.} Nh6 91. Kf8 Kd4 92. Kg7 Nf5+ 93. Kg6) 90... Bxf7 91. Kxf7 {[%mdl 4096] Endgame KR-KN} Ne3 92. Rd8 Kc4 93. Ke6 Kc3 94. Ke5 Nc4+ 95. Ke4 Nd2+ 96. Kd5 Nb3 97. Rh8 Kb4 98. Rh4+ Kc3 99. Rh3+ Kb4 100. Rg3 Na5 101. Rg8 Kc3 102. Rc8+ Kd3 103. Rb8 Kc3 104. Ke4 Nb3 105. Rc8+ Kd2 106. Rc7 Nc1 107. Rd7+ Kc3 108. Rc7+ Kd2 109. Rh7 Kc3 110. Rh8 Nb3 111. Rc8+ Kd2 112. Rh8 Kc3 113. Rh3+ Kc4 114. Ke5 Nd2 115. Rh4+ Kd3 116. Rf4 Nc4+ 117. Kd5 Ne3+ 118. Kc5 Nc2 119. Ra4 Ne3 120. Ra3+ Ke4 121. Ra4+ Ke5 122. Ra8 Ke4 123. Re8+ Kd3 124. Re7 Nf5 125. Ra7 Ke4 126. Ra8 Ne3 127. Re8+ Kd3 128. Re5 Nc2 129. Rd5+ Ke4 130. Rh5 Ne3 131. Rh4+ Ke5 132. Rd4 Nf5 133. Rd8 Ke4 134. Kc4 Ne3+ 135. Kc3 Nd5+ 136. Kd2 Nf4 137. Re8+ Kd4 138. Ra8 Nd5 139. Ra4+ Ke5 140. Kd3 Nf4+ 141. Ke3 Nd5+ 142. Kf3 {Precision: White = 47%, Black = 63%.} 1/2-1/2

[Event "IOM Open-Masters 2017"]
[Site "Douglas"]
[Date "2017.09.28"]
[Round "6"]
[White "Akobian, Varuzhan"]
[Black "Khmelniker, Ilya"]
[Result "1-0"]
[WhiteElo "2662"]
[BlackElo "2480"]
[Annotator "TA"]
[PlyCount "55"]
[EventDate "2017.??.??"]
[EventType "swiss"]
[EventCountry "GBR"]
[SourceTitle "playchess.com"]
[Source "ChessBase"]
[SourceQuality "1"]

{[%evp 9,55,37,44,0,0,0,0,-44,0,6,7,0,15,-10,-12,-12,-7,-14,102,98,85,105,213,202,210,187,218,222,262,194,230,233,260,257,317,303,486,483,487,460,581,641,624,619,721,687,722,682]} 1. Nf3 Nf6 2. c4 g6 3. Nc3 d5 4. cxd5 Nxd5 5. h4 {[%cal Bh2h4,Bh4h5][%mdl 32]} Nc6 6. h5 {A16: English Opening: 1...Nf6 with ...d5} Bg7 $1 7. h6 Bf6 $1 8. Ne4 {The position is equal.} O-O 9. g3 $146 ({Predecessor:} 9. Nxf6+ exf6 10. e3 Ndb4 11. d3 Bf5 12. e4 Bg4 13. a3 {½-½ (40) Nisipeanu,L (2648)-Areshchenko,A (2702) Burgas 2012}) 9... Bf5 10. Nxf6+ exf6 11. d3 Re8 {aiming for ...Bxd3!} 12. Bg2 Qe7 13. Kf1 {Black must now prevent e4.} Rad8 (13... Bg4 $11 {remains equal.}) 14. e4 $16 Bxe4 15. dxe4 Qxe4 {[#]} (15... Nc3 $16 {might work better.} 16. Qb3 Nxe4) 16. Bd2 $1 $18 Nb6 17. Qc1 g5 18. Bc3 Nd5 19. Kg1 Qf5 20. Qb1 Qg4 21. Qc2 Qc4 22. Nd2 Qe2 $2 {[#]} (22... Qg4 {was called for.} 23. Ne4 Qe6) 23. Bxd5 $1 {White is clearly winning.} Rxd5 24. Kg2 Qg4 25. Rae1 {[%cal Re1e8]} Ne5 26. Bxe5 fxe5 27. Ne4 {Strongly threatening Nf6+.} Qf5 28. Rh5 {Precision: White = 76%, Black = 26%.} 1-0

[Event "IOM Open-Masters 2017"]
[Site "Douglas"]
[Date "2017.09.28"]
[Round "6"]
[White "Fressinet, Laurent"]
[Black "Adams, Michael"]
[Result "1/2-1/2"]
[WhiteElo "2657"]
[BlackElo "2738"]
[Annotator "TA"]
[PlyCount "60"]
[EventDate "2017.??.??"]
[EventType "swiss"]
[EventCountry "GBR"]
[SourceTitle "playchess.com"]
[Source "ChessBase"]
[SourceQuality "1"]

{[%evp 15,60,18,18,23,17,10,37,0,9,15,14,0,0,0,12,11,13,15,12,25,35,0,0,0,0,0,0,0,0,0,0,0,0,0,0,0,0,0,0,0,0,0,5,5,5,5,5]} 1. e4 e5 2. Nf3 Nc6 3. Bc4 Bc5 4. c3 Nf6 5. d3 O-O 6. O-O d5 7. exd5 Nxd5 8. a4 {C54: Giuoco Piano: 4 c3 Nf6, main lines with 5 d4 and 5 d3} (8. Nbd2 Nb6 9. Bb5 Bd6 10. Re1 Bg4 11. h3 Bh5 12. Ne4 f5 13. Ng3 Bxf3 14. Qxf3 Qd7 15. Bd2 a6 16. Bxc6 Qxc6 17. Qxc6 bxc6 18. c4 Na4 19. Bc1 Rad8 {½-½ (52) Nepomniachtchi,I (2751)-Karjakin,S (2773) Saint Louis 2017}) 8... Bf5 {LiveBook: 5 Games} 9. Nbd2 Nb6 $146 ({Predecessor:} 9... Nf6 10. Re1 Re8 11. b4 Bd6 12. Nf1 h6 13. Ng3 Bg6 14. Nh4 Bh7 15. Nhf5 Bxf5 16. Nxf5 Qd7 17. Qf3 Rab8 18. Nxh6+ {1-0 (18) Wenzel,C (1613)-Engert,K (1291) Bad Homburg 2015}) 10. Bb5 Ne7 11. Ne4 a6 {[#] Strongly threatening ...Bxe4.} 12. Nxc5 {And now Bc4 would win.} axb5 13. a5 Na4 14. Nxa4 {Nc5 is the strong threat.} Rxa5 15. Nxe5 Ng6 16. Nxg6 hxg6 17. d4 Bd7 18. b3 {[#] Threatens to win with Ba3.} bxa4 {The position is equal.} 19. bxa4 Qf6 20. Re1 Rfa8 21. Qd3 Rxa4 22. Rxa4 Rxa4 23. Qg3 Qc6 24. h3 (24. Bf4 {with more complications.} Rc4 25. Bd2 b5 26. h3 Be6 27. Qg5) 24... Ra1 25. Bd2 $36 {[%mdl 2048] White is pushing.} Rxe1+ 26. Bxe1 Qd6 27. Qxd6 cxd6 28. c4 b5 29. cxb5 Bxb5 30. Bb4 d5 {Precision: White = 72%, Black = 89%.} 1/2-1/2

[Event "IOM Open-Masters 2017"]
[Site "Douglas"]
[Date "2017.09.28"]
[Round "6"]
[White "Granda Zuniga, Julio E"]
[Black "Wagner, Dennis"]
[Result "0-1"]
[WhiteElo "2653"]
[BlackElo "2564"]
[Annotator "TA"]
[PlyCount "80"]
[EventDate "2017.??.??"]
[EventType "swiss"]
[EventCountry "GBR"]
[SourceTitle "playchess.com"]
[Source "ChessBase"]
[SourceQuality "1"]

{[%evp 11,80,11,6,8,6,-9,-1,-8,0,-60,-61,-80,-69,-78,-78,-73,-67,-70,-74,-84,-70,-65,-51,-70,-57,-70,-47,-54,-35,-44,-39,-20,-21,-16,-31,-41,-39,-80,-56,-54,-70,-93,-92,-198,-180,-204,-205,-228,-187,-204,-154,-169,-100,-314,0,-158,0,-327,-204,-193,-179,-264,-248,-267,-260,-227,-246,-514,-417,-398,-398]} 1. c4 c5 2. g3 g6 3. Bg2 Bg7 4. Nc3 Nc6 5. e3 d6 6. Nge2 h5 7. d4 {A36: Symmetrical English vs ...g6: 4 Bg2 Bg7} cxd4 8. exd4 Nh6 9. Bxh6 $146 {The position is equal.} ({Predecessor:} 9. Be3 Nf5 10. Qd2 Nxe3 11. fxe3 Bf5 12. b3 Qa5 13. h3 e5 14. d5 Nb4 {0-1 (24) De Virgilio,O (1883)-Mary,P (2549) ICCF email 2009}) 9... Bxh6 10. d5 (10. h3 $11) 10... Ne5 $15 11. f4 Ng4 12. Qd4 O-O 13. h3 Bg7 14. Qd2 Nh6 $1 15. O-O a6 16. Kh2 Bd7 17. Ne4 Qb6 18. Rac1 Nf5 19. Rf3 Rfc8 20. b3 Qa7 21. g4 hxg4 22. hxg4 Nh6 23. g5 Nf5 $1 24. N4g3 b5 25. Nxf5 Bxf5 26. Ng3 Bg4 27. Re3 {[#]} (27. Rff1 $17 {was worth a try.}) 27... bxc4 $1 $19 28. bxc4 Rab8 29. Rc2 Rb1 30. Re1 Rcb8 31. Bh3 Qd7 ({Better is} 31... R1b2 $19 32. Rec1 (32. Bxg4 $2 Rxc2 33. Qxc2 Rb2 $19) 32... Qd7 33. Bxg4 Qxg4) 32. Bg2 $2 (32. Rxb1 $17 {might work better.} Rxb1 33. Bxg4 Qxg4 34. Kg2) 32... Qa7 (32... R1b2 $19 {aiming for ...Qa4.} 33. Rec1 Qa4) 33. Bh3 $1 $17 {[%cal Rh3g4]} Qd7 $2 (33... Bf3 $17 34. Rxb1 Rxb1) 34. Bg2 $1 $19 Rxe1 35. Qxe1 Bd4 $36 {[%mdl 2048] And now ...Kg7 would win. Black is really pushing.} 36. Qd2 {[#]} (36. Qe4 $142 Bc5 37. Qe1) 36... Qa7 $1 37. Qe1 Be3 38. c5 Bxc5 39. Bh3 $2 (39. Qf1) 39... Bxh3 40. Kxh3 Qd7+ {Precision: White = 54%, Black = 56%.} 0-1

[Event "IOM Open-Masters 2017"]
[Site "Douglas"]
[Date "2017.09.28"]
[Round "6"]
[White "Grandelius, Nils"]
[Black "Praggnanandhaa R"]
[Result "1/2-1/2"]
[WhiteElo "2653"]
[BlackElo "2500"]
[Annotator "TA"]
[PlyCount "176"]
[EventDate "2017.??.??"]
[EventType "swiss"]
[EventCountry "GBR"]
[SourceTitle "playchess.com"]
[Source "ChessBase"]
[SourceQuality "1"]

{[%evp 21,176,15,44,0,0,0,0,0,15,0,0,0,0,-99,-84,-95,-39,-233,-248,-239,-227,-227,-237,-220,-225,-219,-239,-209,-229,-186,-139,-148,-106,-112,-101,-198,-137,-139,-131,-124,-126,-173,-229,-218,-157,-291,-292,-302,-287,-394,-320,-332,-300,-259,-204,-208,-194,-465,-412,-413,-371,-357,-332,-325,-310,-386,-236,-464,-420,-434,-464,-437,-457,-449,-446,-419,-396,-445,-408,-396,0,-398,-355,-340,-331,-455,-293,-293,-268,-370,-363,-401,-375,-352,-352,-349,-333,-340,-297,-306,-211,-294,-281,-278,-197,-197,-197,-197,-197,-197,-189,-189,-65,-75,-65,-65,0,0,0,0,0,0,0,-65,-65,-65,-78,-80,-80,-80,0,-86,0,0,0,0,0,0,0,0,0,0,0,0,0,0,0,0,0,0,0,0,0,0,0,0,0]} 1. e4 e5 2. Nf3 Nc6 3. Bb5 a6 4. Ba4 Nf6 5. O-O b5 6. Bb3 Bc5 7. a4 Rb8 {C78: Ruy Lopez: Archangelsk and Möller Defences} 8. Nxe5 Nxe5 9. d4 Bxd4 10. Qxd4 d6 11. Bf4 c5 {LiveBook: 5 Games} 12. Qd1 $146 ({Predecessor:} 12. Qd2 O-O 13. f3 c4 14. Ba2 Be6 15. Nc3 {½-½ (52) Topalov,V (2798)-Nakamura,H (2802) Stavanger 2015}) 12... O-O 13. Nc3 c4 14. Ba2 Be6 15. axb5 axb5 16. Qd4 b4 17. Ne2 (17. Nd5 $1 $11) 17... Ra8 $1 $17 {aiming for ...b3.} 18. b3 {[%cal Rb3c4]} Nh5 (18... Nc6 $1 $17 {[%cal Rc6d4]} 19. Qd1 cxb3 20. Bxb3 Rxa1 21. Qxa1 Bxb3 22. cxb3 Nxe4) 19. bxc4 $2 (19. Bxe5 $15 dxe5 20. Qxd8 Rfxd8 21. bxc4) 19... Nxf4 $19 20. Nxf4 {[#]} Nf3+ $1 {[%mdl 512]} 21. gxf3 Qg5+ 22. Kh1 (22. Ng2 $2 {leads to mate.} Bh3 23. Qxg7+ Qxg7 24. Kh1 Qxg2#) 22... Qxf4 23. Qe3 {[#]} Qf6 $1 24. e5 dxe5 {Threatens to win with ...Bd7.} ({Don't do} 24... Qxe5 25. Qxe5 dxe5 26. Bb3 $17) 25. Bb3 Rxa1 26. Rxa1 {[#]} e4 $1 {[%mdl 512]} 27. Rd1 (27. Qxe4 Qxa1+) 27... exf3 28. Qd4 (28. c5 $17) 28... Qf5 $40 {[%mdl 128] Black goes for the king.} (28... Qg5 $19 {[%csl Gf3][%cal Rg5g2]} 29. Rg1 Rd8) 29. c5 $17 Bxb3 30. cxb3 {[%mdl 4096] Endgame KQR-KQR} Qc2 31. Rg1 {[%csl Gg1][%cal Rd4g7]} g6 32. Qe3 Rd8 33. Qxf3 (33. h4 $17 {keeps fighting.}) 33... Qxc5 $19 34. Re1 Kg7 35. h3 Rd6 36. Re3 Rf6 37. Qe2 Qd4 38. Kg1 Rf5 39. Kf1 $2 (39. Re4 {was the only chance.} Rxf2 40. Qe1 Re2+ 41. Rxd4 Rxe1+ 42. Kf2) 39... h6 40. Qd3 Qb2 {[%csl Gf5][%cal Rb2f2]} 41. Qe2 Qa1+ 42. Kg2 h5 43. Qc4 Qb2 44. Qe2 $2 (44. Re2 {was forced.} Qa1 45. Re3) 44... Rg5+ 45. Kf1 Qa1+ 46. Qe1 Qd4 (46... Qa6+ $2 47. Qe2 $19) 47. Qe2 Rf5 48. Kg1 Kh7 (48... Rg5+ $2 49. Kf1 $19) 49. Qd3 Qa1+ 50. Kg2 Kg7 $2 (50... Qb2 $19 51. Rf3 Rg5+ 52. Rg3 Ra5) 51. Qe2 $2 {[%mdl 8192]} (51. Qc4 $1 $11 {and White is okay.}) 51... Rg5+ 52. Rg3 Re5 53. Qf3 Qd4 54. Qd3 Qb2 55. Qf3 Qc1 56. Kh2 Qc2 57. Kg2 Rf5 58. Qe3 Qc6+ 59. Kg1 Qd5 60. Qd3 Qe5 61. Qe3 Qa1+ 62. Kg2 Qb2 63. Rf3 Rxf3 64. Qxf3 {KQ-KQ} Qd4 65. Qb7 h4 66. Qf3 g5 (66... f6 $19 67. Qc6 f5) 67. Qf5 $1 $15 f6 (67... Qd2 {seems wilder.} 68. Qe5+ Kg6 69. Qe4+ Kf6 70. Qc4 Qc3) 68. Qe6 $1 Kg6 (68... Qd8 $15) 69. Kg1 $11 Qc3 70. Kg2 Qc5 71. Kg1 Kg7 72. Kg2 (72. Qd7+ $1 $11 Kg6 73. Qe6) 72... Qc7 $15 73. Qe4 Qd6 $1 74. Qb7+ Kg6 75. Qe4+ Kh6 ({Black should play} 75... f5 $17 76. Qc4 Kg7) 76. Qa8 {[#]} (76. Qb7 $1 $11 {remains equal.}) 76... Qe7 ({Better is} 76... Kh7 $1 $17 77. Qe4+ Kg7) 77. Qg8 $11 {The position is equal.} Qg7 78. Qb8 Qe7 {Strongly threatening ...Qe4+.} 79. Qg8 $1 Qe4+ 80. Kg1 Qe1+ 81. Kg2 Qe4+ 82. Kg1 f5 83. Qf7 g4 84. Qf6+ Kh5 85. Qh8+ Kg5 86. Qd8+ $1 Kh5 87. Qh8+ Kg5 88. Qd8+ $1 Kh5 {Precision: White = 57%, Black = 60%.} 1/2-1/2

[Event "IOM Open-Masters 2017"]
[Site "Douglas"]
[Date "2017.09.28"]
[Round "6"]
[White "Xiong, Jeffery"]
[Black "Salomon, Johan"]
[Result "1/2-1/2"]
[WhiteElo "2633"]
[BlackElo "2476"]
[Annotator "TA"]
[PlyCount "89"]
[EventDate "2017.??.??"]
[EventType "swiss"]
[EventCountry "GBR"]
[SourceTitle "playchess.com"]
[Source "ChessBase"]
[SourceQuality "1"]

{[%evp 20,89,10,9,22,26,37,37,43,42,38,27,30,18,51,46,67,59,50,42,47,29,33,33,32,19,54,27,47,28,29,45,41,18,49,46,42,0,17,24,31,24,41,24,14,20,22,0,0,0,6,0,16,0,0,0,25,20,40,40,40,40,40,16,97,16,11,0,0,0,0,0]} 1. d4 d5 2. c4 e6 3. Nf3 Nf6 4. g3 Bb4+ 5. Bd2 Be7 6. Bg2 O-O 7. O-O c6 8. Bf4 dxc4 {E11: Damenindisch (Bogoljubow-Variante)} 9. Ne5 Nd5 10. Nxc4 Nxf4 11. gxf4 {LiveBook: 43 Partien} f5 (11... Nd7 12. e3 Nb6 13. Ne5 f6 14. Nd3 Nd5 15. Nc3 b6 16. Qb3 {½-½ (30) Dubov,D (2660)-Karjakin,S (2785) Doha 2016}) 12. e3 Nd7 13. Nbd2 {[%cal Bb1d2,Bd2b3,Bb3c5][%mdl 32]} Nf6 $146 ({Vorgänger:} 13... Qe8 14. Kh1 Nf6 15. Ne5 {1-0 (78) Jacob,V (2275)-Mueller,W Baden 2002}) 14. a3 Nd5 15. b4 Bd7 16. Rc1 h6 17. Nb3 g5 18. fxg5 hxg5 19. Nc5 Bc8 20. Qh5 Qe8 21. Qxe8 Rxe8 22. Rc2 Rd8 23. Rfc1 Bf6 24. Rb1 b6 25. Nd3 Ba6 26. Nce5 Rac8 27. Rbc1 Bb5 28. Bf1 {[%cal Re5c6]} Ne7 29. a4 Bxa4 30. Ra2 b5 31. Nc5 Bxe5 32. dxe5 Nd5 33. Nxa4 bxa4 34. Rxa4 Rc7 35. b5 c5 36. Rca1 Rdd7 37. Bc4 Kf7 (37... Re7 $5 {[%cal Rd5b6]}) 38. Bxd5 Rxd5 39. Rxa7 Rxa7 40. Rxa7+ $11 {KT-KT} Kg6 $1 41. b6 {[#] Und Te7 würde nun gewinnen.} Rd1+ 42. Kg2 {Schwarz muss nun Te7 beachten.} Rb1 {Die Stellung ist ausgeglichen.} 43. Rc7 Rxb6 44. Rxc5 f4 45. Kf3 {Precision: Weiß = 56%, Schwarz = 46%.} 1/2-1/2

[Event "IOM Open-Masters 2017"]
[Site "Douglas"]
[Date "2017.09.28"]
[Round "6"]
[White "Bok, Benjamin"]
[Black "Shvayger, Yuliya"]
[Result "1-0"]
[WhiteElo "2620"]
[BlackElo "2442"]
[Annotator "TA"]
[PlyCount "83"]
[EventDate "2017.??.??"]
[EventType "swiss"]
[EventCountry "GBR"]
[SourceTitle "playchess.com"]
[Source "ChessBase"]
[SourceQuality "1"]

{[%evp 12,83,13,17,51,46,78,52,94,94,94,85,94,108,112,96,106,84,84,34,34,33,45,23,31,23,28,40,37,25,44,45,118,17,50,5,5,25,37,6,8,5,5,5,5,5,5,6,10,8,19,17,58,58,58,58,59,68,274,256,993,1059,768,493,1333,574,2670,8,5728,5728,4790,4814,4790,2895]} 1. e4 c5 2. Nf3 Nc6 3. Bb5 e6 4. O-O Nge7 5. c3 a6 6. Ba4 b5 7. Bc2 Ng6 {B30: Sicilian: 2...Nc6 3 Bb5, lines without ...g6} (7... Bb7 8. Re1 Rc8 9. a4 b4 10. d4 bxc3 11. d5 Nb4 12. bxc3 Nxc2 13. Qxc2 Ng6 14. c4 Be7 15. Nc3 O-O 16. Rb1 Rb8 17. Bd2 {½-½ (30) Wei,Y (2737)-Yu,Y (2734) Taizhou 2015}) 8. d4 d6 9. a4 {Strongly threatening axb5.} Rb8 {White is slightly better.} 10. axb5 axb5 11. d5 Nce5 12. Nxe5 dxe5 13. c4 exd5 $146 ({Predecessor:} 13... Be7 14. Na3 exd5 15. exd5 {1-0 (31) Haddouche,M (2440)-Meftahi,H (2002) Algiers 2012}) 14. exd5 Bd6 {[%cal Bf8d6,Bd6c7,Bc7b6][%mdl 32]} 15. Nc3 bxc4 16. Ba4+ Bd7 17. Ne4 O-O 18. Bxd7 Qxd7 19. Ra6 Bc7 20. d6 Bb6 {White must now prevent ...Qb7.} 21. Qd5 Kh8 (21... Ne7 $14 22. Qxe5 (22. Qxc4 Nf5 $14) 22... Nc6) 22. Be3 (22. Qxc4 $6 f5 $11) (22. Rd1 $16) 22... f5 $11 23. Nxc5 Qb5 $1 {Hoping for ...Bxc5.} 24. Rxb6 Qxb6 25. Ne6 (25. d7 $5 {[%cal Rc5e6]} f4 26. Bd2 $14) 25... Qb7 $1 {[%cal Rb7d5]} 26. Qxb7 Rxb7 27. Nxf8 Nxf8 {[%mdl 4096] Endgame KRB-KRN} 28. f4 e4 29. Rc1 Rxb2 30. Rxc4 {White wants to mate with d7!} Rb1+ 31. Kf2 Rd1 32. Bd4 Kg8 33. Ke2 Rd3 34. Be5 {And now Rc7 would win.} Ng6 $2 (34... Nd7 $1 $14) 35. Rc7 $18 Nxe5 $2 (35... Kf8 36. Bxg7+ Ke8) 36. fxe5 {KR-KR} Kf8 37. g3 h5 (37... Ke8 $142 38. Rxg7 Rd5 39. Re7+ (39. Rxh7 Rxe5 40. d7+ Kd8 $16) 39... Kd8) 38. h4 (38. Rc6 $142 Kf7 39. d7 $1 {[%mdl 512]} (39. Rc7+ Ke8 $18)) 38... g6 {intending ...Ke8.} 39. Rh7 $2 (39. Rc6 $1 $18 Kf7 40. d7 $1 {[%mdl 512]}) 39... Kg8 $2 {[%mdl 8192]} (39... Ke8 $11) 40. Ra7 {White is clearly winning.} Kf8 {[#]} 41. Ra6 $1 Kf7 {[#]} 42. d7 $1 {[%mdl 512] Precision: White = 60%, Black = 30%.} 1-0